Zgadnij piłkarzy po ich karierze #4 - Statystyki

Ogólne statystyki
  • Ten quiz został rozwiązany 46 razy
  • Średni wynik to 5 z 10
Statystyki odpowiedzi
Piłkarze Drużyny % Poprawnych
Raúl
84%
David Villa
76%
Fabio Cannavaro
70%
Alan Shearer
68%
Didier Drogba
65%
Olivier Kahn
49%
Javier Zanetti
43%
Gary Lineker
32%
Rui Costa
32%
Frank Rijkaard
14%
Nie znaleziono quizów pasujących do podanych kryteriów
Rozkład punktacji
Procent ludzi z każdym wynikiem
Percentyl według liczby udzielonych odpowiedzi
Twoja historia wyników
Nie rozwiązałeś tego quizu